Materials Science. Vol.2 /

Salvato in:
Dettagli Bibliografici
Autore principale: Ruoff, Arthur L (Autore)
Natura: Libro
Lingua:inglese
Pubblicazione: New Jersey : Englewood Cliffs,N.J, 1973
Soggetti:
Tags: Aggiungi Tag
Nessun Tag, puoi essere il primo ad aggiungerne!!

MARC

LEADER 00000nam a22000003a 4500
001 stu41511
005 20170620102745.7
008 931203s1973----xxu-----------------eng-d
040 |a STU  |b slo 
041 0 |a eng 
044 |a xxu 
080 |a 620.22 
080 |a 669.017 
100 1 |a Ruoff, Arthur L  |4 aut 
245 1 |a Materials Science. Vol.2 /  |c [aut.]Arthur L. Ruoff 
260 |a New Jersey :  |b Englewood Cliffs,N.J,  |c 1973 
300 |a 172-339 s 
650 7 |a materiály  |2 stusub 
650 7 |a náuka  |2 stusub 
996 |b 284M055667  |c M* 13926/2-1  |l MMKN  |s A  |a 24  |w stu41511_0002